01143naa a2200181 i 45000010005000000030009000050050017000140080039000310400029000701000175000992450088002745000021003625200272003837000179006557730099008349420013009339990015009469889KOSZ 00520180502095019.0180411s1982 pl f |000 0 pol cKOSZ 005/HRaKOSZ 005/HR1 aKAPSA, Maciej.d1976 - 1991.bWyższa Szkoła Inżynierska w Koszalinie - Wydział Inżynierii Lądowej i Sanitarnej,cZakład Budownictwa i Materiałów Budowlanych 0aStruktura przestrzenna i funkcjonalna obiektów /cMaciej Kapsa, Henryk Wierowski. aDane z autopsji. aPodano tutaj koncepcję otwartego systemu obiektów przechowalniczych, opracowano ją wykorzystując tzw. projektowanie systemowe. Istotą tego projektowania jest jego interdyscyplinarność, kompleksowość oraz dążenie do uniwersalizacji rozwiązań. aWIEROWSKI, Henryk.d1968 - 1991.bWyższa Szkoła Inżynierska w Koszalinie - Wydział Inżynierii Lądowej i Sanitarnej,cZakład Budownictwa i Materiałów Budowlanych0 tOtwarty system przechowalnictwa ziemniaków. -dBonin : Instytut Ziemniaka, 1982. -gs. 16-33 cROZ2UKD c9889d9889